| 000 | 01415nam a2200337 a 4500 | ||
|---|---|---|---|
| 001 | 00003871 | ||
| 003 | DO-SdBNP | ||
| 005 | 20180305134705.0 | ||
| 007 | 00003871 | ||
| 008 | 110712s2010 dr ac 000 0 spa d | ||
| 020 | _a978994546146X | ||
| 040 |
_aBPMSU _bspa _cBPMSU |
||
| 082 | 0 | 4 |
_a372.6561 _bV145L, 4to. 2010 |
| 100 | 1 | _aValdez, Lidia | |
| 245 | 1 | 0 |
_aLengua española 4 : _beducación básica / _cFiume Gómez ; revisada y actualizada Lidia Valdez y Reyna Patricia Carrasco ; producción editorial María del Jesús de la Rosa ; ilustración Daniel Espinal, Wi-Hen Fung. |
| 250 | _a2ª ed. revisada y actualizada | ||
| 260 |
_aSanto Domingo : _bActualidad Escolar, _c2010. |
||
| 300 |
_a2v. : _bil., retrs. ; _c28 cm. |
||
| 500 | _aIincluye el libro del maestro. | ||
| 500 | _aTexto original elaborado por Fiume Gómez | ||
| 505 | 0 |
_aLectura de entrada -- _tVocabulario -- _tMe expreso de formas diferentes -- _tPara escribir -- _tEstudio mi lengua -- _tMe expreso de formas diferentes -- _tValor -- _tMe divierto -- |
|
| 700 | 1 | 2 | _aCarrasco, Reyna Patricia |
| 700 | 1 |
_aGómez, Fiume _tLengua española 4. |
|
| 700 | 1 |
_aEspinal, Daniel, _eil. |
|
| 700 | 1 |
_aFung, Wi-Hen, _eil. |
|
| 700 | 1 | 2 |
_aRosa, María del Jesús de la, _eed. |
| 910 | _aValidado. Control de calidad MFF | ||
| 942 |
_2ddc _cBK |
||
| 945 | _aRemanejado para la BNPHU / 2018 | ||
| 956 |
_aLOPEREZ _b10 _c20160420 _lBPMSU _h00041 |
||
| 999 |
_c9845 _d9845 |
||